LEADER 02356nam 2200373 n 450 001 996389302503316 005 20200824121617.0 035 $a(CKB)1000000000642242 035 $a(EEBO)2240926190 035 $a(UnM)99844232e 035 $a(UnM)99844232 035 $a(EXLCZ)991000000000642242 100 $a19910819d1632 uy | 101 0 $aeng 135 $aurbn||||a|bb| 200 04$aThe totall discourse, of the rare aduentures, and painefull peregrinations of long nineteene yeares trauayles, from Scotland, to the most famous kingdomes in Europe, Asia, and Affrica$b[electronic resource] $ePerfited by three deare bought voyages, in surueighing of forty eight kingdomes ancient and moderne; twenty one rei-publickes, ten absolute principalities, with two hundred ilands. ... diuided in three bookes; two whereof, neuer heretofore published. ... Together with the grieuous tortures he suffered, by the Inquisition of Malaga in Spaine, his miraculous discouery and deliuery thence: and of his last and late returne from the northerne iles. By William Lithgovv 210 $aImprinted at London $cBy Nicholas Okes, and are to be sold by Nicholas Fussell and Humphery Mosley at their shops in Pauls Church yard, at the Ball, and the white Lyon$d1632 215 $a[16], 507, [5] p. $cill 300 $aA revised and enlarged edition, with a new dedication and prologue, of: A most delectable, and true discourse, of an admired and painefull peregrination from Scotland, to the most famous kingdomes in Europe, Asia and Affricke. 300 $aRunning title reads: The 19. yeares trauels of William Lithgow, by 3. voyages in Europe, Asia, and Affrica. 300 $aA variant of the edition without booksellers' names in the imprint. 300 $aReproduction of the original in the British Library. 330 $aeebo-0018 606 $aVoyages and travels$vEarly works to 1800 615 0$aVoyages and travels 700 $aLithgow$b William$f1582-1645?$01001006 801 0$bCu-RivES 801 1$bCu-RivES 801 2$bCStRLIN 801 2$bWaOLN 906 $aBOOK 912 $a996389302503316 996 $aThe totall discourse, of the rare aduentures, and painefull peregrinations of long nineteene yeares trauayles, from Scotland, to the most famous kingdomes in Europe, Asia, and Affrica$92335019 997 $aUNISA